• 首页
  • 本馆介绍
  • 公告通知
  • 最新文献
  • 馆藏检索
  • 电子资源
  • 读者导购
  • 参考咨询
  • 我的图书馆
  • 登录
  • 详细信息显示
  • 放入我的书架
  • 预约/预借图书
  • 作者相关作品
  • 分类相关作品
  • 丛书相关作品
  • 出版社相关作品

书目信息

  • 表格格式
  • 工作单格式
  • 卡片格式
题名:
Kubernetes权威指南
    
 
作者: 闫健勇 编著
分册:  
出版信息: 北京   电子工业出版社  2018.08
页数: 277页
开本: 24cm
丛书名:
单 册:
中图分类: TP316.85-62
科图分类:
主题词: Linux操作系统--程序设计--指南
电子资源:
ISBN: 978-7-121-34674-3
000 01035nam0 2200277 450
001 BPX180681095
005 20180824104040.90
010    @a978-7-121-34674-3@b@dCNY89.00
100    @a20180824d2018 em y0chiy50 ea
101 0  @achi
102    @aCN@b110000
105    @aa z 000yy
106    @ar
200 1  @aKubernetes权威指南@AKubernetes quan wei zhi nan@e企业级容器云实战@f闫健勇等编著@g
210    @a北京@c电子工业出版社@d2018.08
215    @a277页@c图@d24cm
304    @a编著者还有:龚正、吴治辉、刘晓红、崔秀龙等
330    @a本书是基于《Kubernetes权威指南:从Docker到Kubernetes实践全接触》进行企业级容器云平台建设的实战指南,力图对容器云平台的建设、应用和运营过程提供全方位的指导。
333    @a本书适用于系统架构师、开发和测试人员、运维人员
517 1  @a企业级容器云实战@Aqi ye ji rong qi yun shi zhan
606 0  @aLinux操作系统@x程序设计@j指南
690    @aTP316.85-62@v5
701  0 @a闫健勇@Ayan jian yong@4编著
801  0 @aCN@bMUSE@c20181206@g
905    @aBZT@dTP316.85-62@e1
906    @dCNY89.00@n3@r1
    
    Kubernetes权威指南:企业级容器云实战/闫健勇等编著.-北京:电子工业出版社,2018.08
    277页:图;24cm
    使用对象:本书适用于系统架构师、开发和测试人员、运维人员
    
    ISBN 978-7-121-34674-3:CNY89.00
    本书是基于《Kubernetes权威指南:从Docker到Kubernetes实践全接触》进行企业级容器云平台建设的实战指南,力图对容器云平台的建设、应用和运营过程提供全方位的指导。
●
相关链接 在五车中查询图书 在当当中查询图书 在豆瓣中查询图书


正题名:Kubernetes权威指南     索取号:TP316.85-62/1         预约/预借

序号 登录号 条形码 馆藏地/架位号 状态 备注
1 855721   2000855721   第二书库/ [索取号:TP316.85-62/1] 在馆    
2 855722   2000855722   第二书库/ [索取号:TP316.85-62/1] 在馆    
3 855723   2000855723   第二书库/ [索取号:TP316.85-62/1] 在馆    
山东省滨州职业学院图书馆 欢迎您!
大连网信软件有限公司© 版权所有